000 00325nam a2200169Ia 4500
100 _aNandini Vaidyanathan
650 _aStart up
942 _cBK
366 _f25
654 _astart up
245 _aStart Up Stand up
260 _bJaico
_c2018
082 _bNAN
300 _a288
546 _aENGLISH
999 _c33302
_d33302